Named Airports - Statistics

General Stats
  • This quiz has been taken 26 times
  • The average score is 26 of 44
Answer Stats
Hint Answer % Correct
______ Heathrow Airport London
96%
_____-Charles de Gaulle Airport Paris
92%
______ Brandenburg Airport Berlin
88%
___ ____ John F. Kennedy International Airport New York
88%
Narita International Airport Tokyo
88%
Haneda International Airport Tokyo
88%
_______ O'Hare International Airport Chicago
83%
Indira Gandhi International Airport New Delhi
83%
_________ Airport Schiphol Amsterdam
79%
____ Fiumicino Airport Rome
79%
_______-Tacoma International Airport Seattle
79%
King Khalid International Airport Riyadh
71%
Hartsfield-Jackson _______ International Airport Atlanta
67%
_______ Suvarnabhumi International Airport Bangkok
67%
Ministro Pistarini International Airport Buenos Aires (Ezeiza)
67%
King Abdulaziz International Airport Jeddah
67%
Adolfo Suárez ______-Barajas Airport Madrid
67%
Sheremetyevo International Airport Moscow
67%
Chhatrapati Shivaji Maharaj International Airport Mumbai (Bombay)
67%
_________ Changi International Airport Singapore
67%
George Bush Intercontinental Airport Houston
63%
________ Sabiha Gökçen International Airport Istanbul
63%
Jomo Kenyatta International Airport Nairobi
63%
_________ am Main Airport Frankfurt
58%
___ __ _______ Antonio Carlos Jobim International Airport Rio de Janeiro
58%
Ninoy Aquino International Airport Manila
54%
______ Kingsford Smith International Airport Sydney
54%
______ International Airport Eleftherios Venizelos Athens
50%
_______ Soekarno-Hatta International Airport Jakarta
50%
O.R. Tambo International Airport Johannesburg
50%
________ Pudong International Airport Shanghai
50%
Tan Son Nhat International Airport Ho Chi Minh City (Saigon)
46%
____ Hamad International Airport Doha
42%
Jorge Chávez International Airport Lima
42%
Kansai International Airport Osaka
42%
Josep Tarradellas _________-El Prat Airport Barcelona
38%
El Dorado International Airport Bogota
38%
Arturo Merino Benítez International Airport Santiago
38%
King Fahd International Airport Dammam
33%
___ _____ Governor André Franco Montoro International Airport Sao Paulo
33%
Daniel K. Inouye International Airport Honolulu
25%
Kempegowda International Airport Bengaluru (Bangalore)
21%
I Gusti Ngurah Rai International Airport Bali (Denpasar)
8%
Antonio B. Won Pat International Airport Guam
8%
No matching quizzes found
Score Distribution
Percent of People with Each Score
Percentile by Number Answered
Your Score History
You have not taken this quiz